Mezőgazdasági fejlődés Gyulán felszabadulásunktól napjainkig
Elmentve itt :
| Szerző: | |
|---|---|
| További közreműködők: | |
| Dokumentumtípus: | Szakdolgozat |
| Megjelent: |
1966
|
| Tárgyszavak: | |
| Online Access: | http://diploma.bibl.u-szeged.hu/54510 |
| LEADER | 00556nta a2200157 i 4500 | ||
|---|---|---|---|
| 001 | dipl54510 | ||
| 005 | 20151212120427.0 | ||
| 008 | 151212s1966 hu om 0|| hun d | ||
| 040 | |a SZTE Diploma Repozitórium |b hun | ||
| 041 | |a hun | ||
| 100 | 1 | |a Ibos Gyula | |
| 245 | 1 | 0 | |a Mezőgazdasági fejlődés Gyulán felszabadulásunktól napjainkig |h [elektronikus dokumentum] / |c Gyula Ibos |
| 260 | |c 1966 | ||
| 650 | 4 | |a Bölcsészettudományok | |
| 700 | 1 | |a Serfőző Lajos |e ths | |
| 856 | 4 | 0 | |u http://diploma.bibl.u-szeged.hu/id/eprint/54510/1/1966_ibos_gyula.pdf |z Dokumentum-elérés |